LEADER 01042nam a2200253 i 4500 001 000000137514 003 CaOOAMICUS 005 20050414000000.0 008 050414s1974 it u000 u ita u 013 $a111289 040 $aSeMil$bita 245 10$aSacre rappresentazioni del Quattrocento /$ca cura di Luigi Banfi. 250 $aRistampa. 260 $aTorino :$bUnione Tipografico-Editrice Torinese,$c1974. 300 $a856 p., [6] c. di tav. ;$c24 cm. 490 0 $aClassici Italiani 500 $aContiene : Nota bibliografica. 650 4$aDramma sacro - Antologie.$0(OLS)http://semarc/subject/27033 700 1 $aBanfi, Luigi.$0(OLS)http://semarc/name/8007 830 0$aClassici Italiani .$0(OLS)http://semarc/title/16424 850 $aSeMil 852 $aSeMil$W1$xVenegono$y1$m1G III 14$j238816$B91059$CSeMilBibl$Z2$F95883 $81 996 $6245$aSacre rappresentazioni del Quattrocento$9(OLS)http://semarc/title/200925 996 $6260$aTorino :$bUnione Tipografico-Editrice Torinese$9(OLS)http://semarc/publisher/29628 LEADER 01142nas a2200277 i 4500 001 000000229256 003 CaOOAMICUS 005 20150303000000.0 008 140430b2014 xxuuu u0 0eng r 013 $a208158 040 $aSeMil$bita 245 10$a2014 /$cGeneral Editor Adele Reinhartz. 260 $aAtlanta :$bThe Society of Biblical Literature,$ccopyr. 2014. 300 $a888 p. :$b[1] p. di tav., tabelle ;$c23 cm. 500 $aArticoli con sintesi in inglese in testa. 700 1 $aReinhartz, Adele,$d<1953- >.$0(OLS)http://semarc/name/77265 773 0 $tJournal of Biblical Literature.$dBoston : The Society of Biblical Literature and Exegesis, 1890.$x0021-9231$w()2391 774 0 $t2014 : 1.$w()280988 774 0 $t2014 : 2.$w()281427 774 0 $t2014 : 3.$w()282009 774 0 $t2014 : 4.$w()284288 850 $aSeMil 852 $aSeMil$W1$xVenegono$y1$m79 6 39$j179602$B179602$CSeMilBibl$Z2$F200578 $85 961 $aAbbonamento: Casalini 996 $6245$a2014$9(OLS)http://semarc/title/324325 996 $6260$aAtlanta :$bThe Society of Biblical Literature$9(OLS)http://semarc/publisher/44296